Normal view
MARC view
- Thilak, K V B R
Entry Personal Name
001 - CONTROL NUMBER
- control field: 6100
003 - CONTROL NUMBER IDENTIFIER
- control field: OSt
005 - DATE AND TIME OF LATEST TRANSACTION
- control field: 20240222162705.0
008 - FIXED-LENGTH DATA ELEMENTS
- fixed length control field: 240222|| aca||aabn | a|a d
040 ## - CATALOGING SOURCE
- Original cataloging agency: OSt
- Transcribing agency: OSt
100 ## - HEADING--PERSONAL NAME
- Personal name: Thilak, K V B R
670 ## - SOURCE DATA FOUND
- Source citation: Work cat.: (OSt)10985: Thilak, K V B R ., Bacterial fertilizers / , 1998.
